000 00521nam a2200193Ia 4500
999 _c34267
_d34267
003 OSt
005 20200824104837.0
008 190216s9999||||xx |||||||||||||| ||und||
020 _a9788125910114
040 _coclc
082 _a530.41
_bGUP/S
100 _aGupta, H C
_94297
245 0 _aSolid State Physics /
_cH C Gupta
250 _a2nd Ed.
260 _bVikas Publishing House,
_c1995.
_aNoida:
300 _a373p
650 _aPhysics
942 _cBK
_2ddc
_h530.41
_iGUP/S
_k530.41
_mGUP/S